Ecología y piscicultura de aguas dulces

محفوظ في:
التفاصيل البيبلوغرافية
المؤلف الرئيسي: Arrignon, Jacques (مؤلف)
التنسيق: كتاب
اللغة:الإسبانية
منشور في: Madrid Mundi-Prensa 1984
الطبعة:2a. ed
الموضوعات:
الوسوم: إضافة وسم
لا توجد وسوم, كن أول من يضع وسما على هذه التسجيلة!

MARC

LEADER 00000nam a2200000 a 4500
001 UCV4854
003 CL-VaPUC
008 881221e19840000SP |||||||||||||||||spa|d
082 0 4 |a 639.31  |b ARR  |2 21 
100 0 |a Arrignon, Jacques  |e author  |9 299025 
245 1 0 |a Ecología y piscicultura de aguas dulces 
250 |a 2a. ed 
300 |a 390 p 
942 |c BK 
945 |d 19881221 00:00:00 
260 |a Madrid  |b Mundi-Prensa  |c 1984 
650 0 |a Ecología de agua dulce  |9 259973 
650 7 |a PISCICULTURA  |2 CL-VaPUC  |9 259974 
583 |a last modification  |c 19881221 00:00:00  |k Rodrigo Vera 
999 |c 211503  |d 211501 
952 |0 0  |1 0  |4 0  |6 639_310000000000000_ARR_1984  |7 0  |8 CCM  |9 190919  |a BIBCUR  |b BIBCUR  |d 2019-11-14  |i 2586053  |o 639.31 ARR 1984  |p 2586053  |r 2025-04-22  |w 2019-11-14  |y BK_R  |k CIM 
952 |0 0  |1 0  |4 0  |6 639_310000000000000_ARR_1984  |7 0  |8 CCM  |9 190920  |a BIBCUR  |b BIBCUR  |d 2019-11-14  |i 2586061  |o 639.31 ARR 1984  |p 2586061  |r 2025-04-22  |w 2019-11-14  |y BK_R  |k CIM